The law of industrial disputes / (Record no. 67132)
[ view plain ]
| 000 -LEADER | |
|---|---|
| fixed length control field | 00867nam a22002057a 4500 |
| 005 - DATE AND TIME OF LATEST TRANSACTION | |
| control field | 20120525110920.0 |
| 020 ## - INTERNATIONAL STANDARD BOOK NUMBER | |
| International Standard Book Number | 8180380491 |
| Terms of availability | 1850.00 (Set price) |
| 035 ## - SYSTEM CONTROL NUMBER | |
| System control number | B-83107 |
| 035 ## - SYSTEM CONTROL NUMBER | |
| System control number | B-83108 |
| 037 ## - SOURCE OF ACQUISITION | |
| Stock number | DPL |
| Source of stock number/acquisition | ENG |
| 100 ## - MAIN ENTRY--PERSONAL NAME | |
| Personal name | Malhotra's OP |
| 245 ## - TITLE STATEMENT | |
| Title | The law of industrial disputes / |
| Statement of responsibility, etc | by OP Malhotra |
| 250 ## - EDITION STATEMENT | |
| Edition statement | Vol.II, 6th ed. |
| 260 ## - PUBLICATION, DISTRIBUTION, ETC. (IMPRINT) | |
| Place of publication, distribution, etc | New Delhi |
| Name of publisher, distributor, etc | Lexis Nexis Butterworths |
| Date of publication, distribution, etc | 2004 |
| 300 ## - PHYSICAL DESCRIPTION | |
| Extent | clxxviii, 1110p.; various pages |
| Dimensions | 22 cms. |
| 700 ## - ADDED ENTRY--PERSONAL NAME | |
| Personal name | Rao, EM |
| 9 (RLIN) | 47861 |
| 942 ## - ADDED ENTRY ELEMENTS (KOHA) | |
| Source of classification or shelving scheme | Dewey Decimal Classification |
| Item type | English Books |
| Classification part | 343.5407 |
| Call number suffix | MAL |
| Withdrawn status | Lost status | Not for loan | Collection code | Home library | Current library | Date acquired | Cost, normal purchase price | Full call number | Barcode | Cost, replacement price | Koha item type | Materials specified (bound volume or other part) |
|---|---|---|---|---|---|---|---|---|---|---|---|---|
| Non-fiction | Sarojini Nagar | Sarojini Nagar | 25/05/2012 | 1850.00 | 343.5407 MAL | B-83107 | 1850.00 | English Books | ||||
| Non-fiction | Sarojini Nagar | Sarojini Nagar | 29/05/2012 | 1850.00 | 343.5407 MAL | B-83108 | 1850.00 | English Books | Vol.II |
